MARC details
| 000 -LEADER |
| fixed length control field |
02412cam a2200625Mi 4500 |
| 001 - CONTROL NUMBER |
| control field |
ocn936072396 |
| 003 - CONTROL NUMBER IDENTIFIER |
| control field |
OCoLC |
| 005 - DATE AND TIME OF LATEST TRANSACTION |
| control field |
20200320214205.0 |
| 008 - FIXED-LENGTH DATA ELEMENTS--GENERAL INFORMATION |
| fixed length control field |
151006s2016 enk 000 1 eng |
| 019 ## - |
| -- |
946084991 |
| 020 ## - INTERNATIONAL STANDARD BOOK NUMBER |
| International Standard Book Number |
9780008132194 |
| Qualifying information |
(pbk.) |
| 020 ## - INTERNATIONAL STANDARD BOOK NUMBER |
| International Standard Book Number |
0008132194 |
| Qualifying information |
(pbk.) |
| 020 ## - INTERNATIONAL STANDARD BOOK NUMBER |
| International Standard Book Number |
9780008132163 |
| 020 ## - INTERNATIONAL STANDARD BOOK NUMBER |
| International Standard Book Number |
000813216X |
| 020 ## - INTERNATIONAL STANDARD BOOK NUMBER |
| International Standard Book Number |
9780008132170 |
| 020 ## - INTERNATIONAL STANDARD BOOK NUMBER |
| International Standard Book Number |
0008132178 |
| 020 ## - INTERNATIONAL STANDARD BOOK NUMBER |
| Terms of availability |
23.00 |
| 029 0# - (OCLC) |
| OCLC library identifier |
AU@ |
| System control number |
000057044853 |
| 029 1# - (OCLC) |
| OCLC library identifier |
NZ1 |
| System control number |
16201994 |
| 029 1# - (OCLC) |
| OCLC library identifier |
UKDEL |
| System control number |
138275165 |
| 029 1# - (OCLC) |
| OCLC library identifier |
UNITY |
| System control number |
138275165 |
| 029 1# - (OCLC) |
| OCLC library identifier |
AU@ |
| System control number |
000061239438 |
| 035 ## - SYSTEM CONTROL NUMBER |
| System control number |
(OCoLC)936072396 |
| Canceled/invalid control number |
(OCoLC)946084991 |
| 040 ## - CATALOGING SOURCE |
| Original cataloging agency |
AU@ |
| Language of cataloging |
eng |
| Transcribing agency |
AU@ |
| Modifying agency |
OCLCO |
| -- |
CDX |
| -- |
OCLCQ |
| -- |
OCLCO |
| -- |
NZALP |
| -- |
OCLCO |
| -- |
YDX |
| -- |
NZEPN |
| -- |
AL5CW |
| -- |
CNWLU |
| -- |
OCLCQ |
| -- |
OCLCO |
| -- |
OCLCF |
| -- |
WACOL |
| 043 ## - GEOGRAPHIC AREA CODE |
| Geographic area code |
e-uk-en |
| 049 ## - LOCAL HOLDINGS (OCLC) |
| Holding library |
WACL |
| 050 #4 - LIBRARY OF CONGRESS CALL NUMBER |
| Classification number |
PR6103 |
| 082 04 - DEWEY DECIMAL CLASSIFICATION NUMBER |
| Classification number |
823.92 |
| Edition number |
23 |
| 092 ## - LOCALLY ASSIGNED DEWEY CALL NUMBER (OCLC) |
| Classification number |
F |
| Item number |
Can |
| 100 1# - MAIN ENTRY--PERSONAL NAME |
| Personal name |
Cannon, Joanna, |
| Relator term |
author. |
| 9 (RLIN) |
5987372 |
| 245 14 - TITLE STATEMENT |
| Title |
The trouble with goats and sheep / |
| Statement of responsibility, etc |
Joanna Cannon. |
| 264 #1 - Production, Publication, Distribution, Manufacture, and Copyright Notice. |
| Place of production, publication, distribution, manufacture |
London : |
| Name of producer, publisher, distributor, manufacturer |
Borough Press, |
| Date of production, publication, distribution, manufacture, or copyr |
2016. |
| 300 ## - PHYSICAL DESCRIPTION |
| Extent |
455 pages ; |
| Dimensions |
24 cm |
| 336 ## - Content Type |
| Content type term |
text |
| 337 ## - Media type |
| Media type term |
unmediated |
| 338 ## - Carrier type |
| Carrier type term |
volume |
| 520 ## - SUMMARY, ETC. |
| Summary, etc |
Mrs Creasy is missing and The Avenue is alive with whispers. As the summer shimmers endlessly on, ten-year-olds Grace and Tilly decide to take matters into their own hands. And as the cul-de-sac starts giving up its secrets, the amateur detectives will find much more than they imagined ... |
| 521 ## - TARGET AUDIENCE NOTE |
| Target audience note |
Fiction |
| Source |
, gift |
| 650 #0 - SUBJECT ADDED ENTRY--TOPICAL TERM |
| Topical term or geographic name as entry element |
Missing persons |
| Form subdivision |
Fiction. |
| 9 (RLIN) |
5987373 |
| 650 #0 - SUBJECT ADDED ENTRY--TOPICAL TERM |
| Topical term or geographic name as entry element |
Secrets |
| Form subdivision |
Fiction. |
| 9 (RLIN) |
5673929 |
| 650 #7 - SUBJECT ADDED ENTRY--TOPICAL TERM |
| Topical term or geographic name as entry element |
Missing persons. |
| Source of heading or term |
fast |
| -- |
(OCoLC)fst01023702 |
| 9 (RLIN) |
5987374 |
| 655 #0 - INDEX TERM--GENRE/FORM |
| Genre/form data or focus term |
Detective and mystery stories. |
| 9 (RLIN) |
5987375 |
| 655 #4 - INDEX TERM--GENRE/FORM |
| Genre/form data or focus term |
Detective and mystery stories. |
| 9 (RLIN) |
5987375 |
| 655 #4 - INDEX TERM--GENRE/FORM |
| Genre/form data or focus term |
Mystery fiction. |
| 9 (RLIN) |
5987376 |
| 655 #7 - INDEX TERM--GENRE/FORM |
| Genre/form data or focus term |
Detective and mystery fiction. |
| Source of term |
lcgft |
| 9 (RLIN) |
5683641 |
| 655 #7 - INDEX TERM--GENRE/FORM |
| Genre/form data or focus term |
Detective and mystery fiction. |
| Source of term |
fast |
| -- |
(OCoLC)fst01726581 |
| 9 (RLIN) |
5683641 |
| 655 #7 - INDEX TERM--GENRE/FORM |
| Genre/form data or focus term |
Fiction. |
| Source of term |
fast |
| -- |
(OCoLC)fst01423787 |
| 9 (RLIN) |
5673940 |
| 938 ## - |
| -- |
Coutts Information Services |
| -- |
COUT |
| -- |
31169970 |
| 938 ## - |
| -- |
YBP Library Services |
| -- |
YANK |
| -- |
13833805 |
| 938 ## - |
| -- |
YBP Library Services |
| -- |
YANK |
| -- |
13862204 |
| 942 ## - ADDED ENTRY ELEMENTS (KOHA) |
| Koha item type |
BOOK |
| 948 ## - LOCAL PROCESSING INFORMATION (OCLC); SERIES PART DESIGNATOR (RLIN) |
| Series part designator, SPT (RLIN) |
11/05/2018 |
| z (OCLC) |
Sirsi |
| 994 ## - |
| -- |
C0 |
| -- |
WACOL |
| 996 ## - |
| -- |
157492 |
| -- |
34301001614850 |
| -- |
F |
| -- |
bk |
| -- |
wcl |
| -- |
i |
| -- |
7 |
| -- |
23.00 |
| -- |
gift |
| -- |
Can |
| -- |
11/07/2018 |
| -- |
03/17/2020 |
| -- |
02/20/2020 |